[Event "Mindsports Masters FIDE"]
[Site "London"]
[Date "2022.09.14"]
[Round "9.1"]
[White "Franco, Gaston"]
[Black "Dignam, Matthew"]
[Result "1-0"]
[WhiteElo "2027"]
[BlackElo "2116"]
[PlyCount "54"]
[EventDate "2022.09.09"]
[EventType "tourn"]
[EventRounds "10"]
[EventCountry "ENG"]
[SourceTitle "BritBase"]
[Source "John Saunders"]
[SourceDate "2022.12.07"]
[SourceVersion "1"]
[SourceVersionDate "2022.12.07"]
[SourceQuality "1"]

1. e4 e6 2. d4 d5 3. Nd2 Nf6 4. e5 Nfd7 5. Bd3 c5 6. c3 Nc6 7. Ne2 Qb6 8. O-O
cxd4 9. cxd4 Nxd4 10. Nxd4 Qxd4 11. Nf3 Qb6 12. a3 Be7 13. Re1 O-O 14. Ng5 f5
15. Qh5 Bxg5 16. Bxg5 Qxb2 17. Be7 Rf7 18. Bd6 Qd4 19. Qe2 Nc5 20. Bb5 Ne4 21.
Be8 Nxd6 22. exd6 Bd7 23. Bxd7 Rxd7 24. Qe4 e5 25. Qxe5 Rf7 26. Qe6 Qf6 27.
Rac1 Rc8 1-0

[Event "Mindsports Masters FIDE"]
[Site "London"]
[Date "2022.09.14"]
[Round "9.2"]
[White "Cont, Arya"]
[Black "Keohane, Ben"]
[Result "1-0"]
[WhiteElo "1954"]
[BlackElo "2045"]
[PlyCount "87"]
[EventDate "2022.09.09"]
[EventType "tourn"]
[EventRounds "10"]
[EventCountry "ENG"]
[SourceTitle "BritBase"]
[Source "John Saunders"]
[SourceDate "2022.12.07"]
[SourceVersion "1"]
[SourceVersionDate "2022.12.07"]
[SourceQuality "1"]

1. e4 Nf6 2. e5 Nd5 3. Nc3 Nb6 4. d4 d6 5. f4 g6 6. Be3 Bg7 7. Qf3 Nc6 8. O-O-O
h5 9. h3 d5 10. Be2 h4 11. g4 hxg3 12. Qxg3 Bf5 13. Nf3 e6 14. h4 Nb4 15. Ne1
Qe7 16. a3 Nc6 17. Nf3 O-O-O 18. h5 Rdg8 19. Nh4 Bf8 20. Rdg1 Na5 21. Bf2 Bh6
22. Kb1 c6 23. Be3 Nac4 24. Bc1 a5 25. Bd3 Qf8 26. hxg6 fxg6 27. Bxf5 gxf5 28.
Ng6 Qe8 29. Rxh6 Rxh6 30. Ne7+ Qxe7 31. Qxg8+ Qd8 32. Qxd8+ Kxd8 33. b3 Rh3 34.
Nd1 a4 35. bxc4 Nxc4 36. Nf2 Nxa3+ 37. Bxa3 Rxa3 38. Nd3 Rc3 39. Rg7 b6 40. Rb7
a3 41. Rxb6 a2+ 42. Kxa2 Rxc2+ 43. Kb3 Rc4 44. Rb4 1-0

[Event "Mindsports Masters FIDE"]
[Site "London"]
[Date "2022.09.14"]
[Round "10.1"]
[White "Keohane, Ben"]
[Black "Franco, Gaston"]
[Result "0-1"]
[WhiteElo "2045"]
[BlackElo "2027"]
[PlyCount "104"]
[EventDate "2022.09.09"]
[EventType "tourn"]
[EventRounds "10"]
[EventCountry "ENG"]
[SourceTitle "BritBase"]
[Source "John Saunders"]
[SourceDate "2022.12.07"]
[SourceVersion "1"]
[SourceVersionDate "2022.12.07"]
[SourceQuality "1"]

1. e4 c5 2. d4 cxd4 3. c3 Nf6 4. e5 Nd5 5. g3 d6 6. exd6 Qxd6 7. Bg2 Nc6 8. Ne2
Bg4 9. O-O Rd8 10. Na3 a6 11. cxd4 e6 12. Nc4 Qb4 13. Ne3 Bxe2 14. Nxd5 Rxd5
15. Qxe2 Nxd4 16. Qd3 Rd8 17. Qe4 Nc6 18. Be3 Bc5 19. Bxc5 Qxc5 20. Rac1 Qb5
21. Rc3 Nd4 22. Rc7 b6 23. b3 O-O 24. Qg4 Nf5 25. Rc4 Rd2 26. Rb4 Qc5 27. Rc4
Qe5 28. Re4 Qb2 29. Ra4 Ne3 30. Qf3 Nxf1 31. Bxf1 a5 32. Qe3 Rd1 33. Kg2 Qc1
34. Qe2 Rfd8 35. Rc4 Qb1 36. Rc7 f6 37. Qf3 Qf5 38. Qxf5 exf5 39. Bb5 R1d2 40.
a4 Kf8 41. Rc6 R8d6 42. Rc7 Rb2 43. Rc3 Rdd2 44. Rf3 Ke7 45. h3 Rbc2 46. g4
fxg4 47. hxg4 Rd4 48. Kh3 Rc5 49. Be2 h5 50. gxh5 Rxh5+ 51. Kg3 Rg5+ 52. Kh3
Rd8 0-1

[Event "Mindsports Masters FIDE"]
[Site "London"]
[Date "2022.09.14"]
[Round "10.2"]
[White "Dignam, Matthew"]
[Black "Pollack, Oscar"]
[Result "1-0"]
[WhiteElo "2116"]
[BlackElo "2068"]
[PlyCount "85"]
[EventDate "2022.09.09"]
[EventType "tourn"]
[EventRounds "10"]
[EventCountry "ENG"]
[SourceTitle "BritBase"]
[Source "John Saunders"]
[SourceDate "2022.12.07"]
[SourceVersion "1"]
[SourceVersionDate "2022.12.07"]
[SourceQuality "1"]

1. e4 e6 2. d3 d5 3. Nd2 Nf6 4. e5 Nfd7 5. d4 c5 6. c3 Nc6 7. Ngf3 f6 8. exf6
Qxf6 9. Bb5 Bd6 10. Nf1 e5 11. dxe5 Ndxe5 12. Be2 d4 13. Ng3 Nxf3+ 14. Bxf3
Qe5+ 15. Be2 O-O 16. O-O dxc3 17. bxc3 Bc7 18. Rb1 b6 19. Bf3 Bb7 20. Re1 Qf6
21. Qb3+ Kh8 22. Re6 Qf7 23. Rxc6 Qxb3 24. axb3 Bxc6 25. Bxc6 Rad8 26. Be3 Rd3
27. Be4 Rd7 28. Kf1 Bxg3 29. hxg3 Re7 30. Bf3 Rd7 31. c4 a5 32. Bd5 h6 33. Bf4
Ra7 34. Be5 Kh7 35. f4 Kg6 36. Be4+ Kf7 37. Rd1 a4 38. bxa4 Rxa4 39. Rd7+ Ke6
40. Rd6+ Ke7 41. Rxb6 Rd8 42. Bd5 Rb4 43. Rg6 1-0